000 00956nam a2200277Ia 4500
005 20220317000607.0
008 160601s2002 sp a 000 0 spa
020 _a8484880729
100 1 _aAdams, Georgie
245 1 0 _aHistorias de hadas
_bcontadas por hadas
_cGeorgie Adams ; ilustraciones Sally Gardner
250 _a1a edición
300 _a93 páginas
_bilustraciones
_c21 cm
650 1 4 _2LEMB
_aCuentos infantiles ingleses
_ySiglo XX
650 1 4 _2LEMB
_aLiteratura infantil inglesa
_ySiglo XX
650 1 4 _2LEMB
_aPrincesas en la literatura
650 1 4 _2LEMB
_aHadas en la literatura
650 1 4 _2LEMB
_aZapateros en la literatura
700 1 _aGardner, Sally
_eilustrador
_949887
942 _2loc
_cBKLIT
264 _aBarcelona
_bSerres
_c2002
336 _atexto
_btxt
_2rdacontent
337 _asin mediación
_bn
_2rdamedia
338 _avolumen
_bnc
_2rdacarrier
040 _aCO-BoRNBP
_bspa
_erda
_cCO-BoRNBP
084 _aC ADA2
999 _c4503
_d4503